Countries ranked at the same position by Area and Population - Statistics

General Stats
  • This quiz has been taken 81 times
    17 since last reset
  • The average score is 6 of 8
Answer Stats
Rank Size (km2) Pop. Continent Country % Correct
196 0.49 1000 Europe Vatican City
100%
192 61 34,000 Europe San Marino
94%
194 21 12,000 Oceania Nauru
88%
17 1,648,195 92,315,774 Asia Iran
81%
95 131,957 9,944,150 Europe Greece
75%
24 1,221,037 64,654,044 Africa South Africa
75%
141 28,748 2,774,575 Europe Albania
63%
136 33,847 3,001,408 Europe Moldova
63%
No matching quizzes found
Score Distribution
Percent of People with Each Score
Percentile by Number Answered
Your Score History
You have not taken this quiz since the last reset